| 000 -LEADER |
| fixed length control field |
00476nam a22001697a 4500 |
| 003 - CONTROL NUMBER IDENTIFIER |
| control field |
OSt |
| 005 - DATE AND TIME OF LATEST TRANSACTION |
| control field |
20240202145103.0 |
| 008 - FIXED-LENGTH DATA ELEMENTS--GENERAL INFORMATION |
| fixed length control field |
240202b ||||| |||| 00| 0 eng d |
| 020 ## - INTERNATIONAL STANDARD BOOK NUMBER |
| International Standard Book Number |
978-81-967682-4-9 |
| 040 ## - CATALOGING SOURCE |
| Original cataloging agency |
BMSCA |
| 041 ## - LANGUAGE CODE |
| Language code of text/sound track or separate title |
eng |
| 100 ## - MAIN ENTRY--PERSONAL NAME |
| Personal name |
Mamatha P. Raj |
| 245 ## - TITLE STATEMENT |
| Title |
CHITRA - Look through the lens Architectural Photo Book of Batch 2021-26 |
| 260 ## - PUBLICATION, DISTRIBUTION, ETC. (IMPRINT) |
| Place of publication, distribution, etc |
Bengaluru |
| Name of publisher, distributor, etc |
The Director, BMS College of Architecture |
| Date of publication, distribution, etc |
2023 |
| 700 ## - ADDED ENTRY--PERSONAL NAME |
| Personal name |
Vaishali Bhatia |
| 942 ## - ADDED ENTRY ELEMENTS (KOHA) |
| Source of classification or shelving scheme |
|